Loading...
ഭാഷാപരിചയം /
| Main Author: | |
|---|---|
| Format: | Printed Book |
| Language: | Malayalam |
| Published: |
കോഴിക്കോട്:
മാരാർ സാഹിത്യ പ്രകാശം ,
1985.
കോഴിക്കോട് : പി.കെ.ബ്രദേഴ്സ് , 1997. |
| Subjects: |
| LEADER | 02147nam a2200289Ia 4500 | ||
|---|---|---|---|
| 008 | 111205s1997 ii 000 0 mal d | ||
| 041 | |a mal | ||
| 082 | |a 455 | ||
| 100 | 0 | |a കുട്ടികൃഷ്ണമാരാര് |9 1579631 |d 1900-1973 | |
| 245 | |a ഭാഷാപരിചയം / |c കുട്ടികൃഷ്ണമാരാർ | ||
| 246 | |a Bhashaparichayam | ||
| 260 | |b മാരാർ സാഹിത്യ പ്രകാശം , |a കോഴിക്കോട്: |c 1985. | ||
| 260 | |b പി.കെ.ബ്രദേഴ്സ് , |a കോഴിക്കോട് : |c 1997. | ||
| 300 | |a 215 Pages | ||
| 300 | |a 139 Pages | ||
| 653 | |a Malayalam Grammar | ||
| 942 | |c BK | ||
| 999 | |c 215321 |d 215321 | ||
| 952 | |0 0 |1 0 |2 ddc |4 1 |6 400_000000000000000_KUT_B |7 0 |9 238050 |a MAL |b MAL |c ST1 |d 2011-12-05 |g 22.00 |l 8 |m 1 |o 400 KUT/B |p MAL21057 |r 2021-09-30 |s 2021-08-16 |v 22.00 |w 2011-12-05 |y BK | ||
| 952 | |0 0 |1 0 |2 ddc |4 0 |6 455_000000000000000_KUT_B |7 0 |9 238058 |a MAL |b MAL |c ST1 |d 2011-12-05 |g 22.00 |l 2 |o 455 KUT/B |p MAL20021 |r 2014-07-23 |s 2014-07-17 |v 22.00 |w 2011-12-05 |y BK | ||
| 952 | |0 0 |1 0 |2 ddc |4 0 |6 455_000000000000000_KUT_B |7 0 |9 238059 |a MAL |b MAL |c ST1 |d 1989-11-15 |g 45.00 |l 9 |o 455 KUT/B |p MAL25319 |q 2022-01-23 |r 2021-12-23 |s 2021-12-23 |v 45.00 |w 2011-12-05 |y BK | ||
| 952 | |0 0 |1 0 |2 ddc |4 0 |6 455_000000000000000_KUT_B |7 0 |9 238060 |a MAL |b MAL |c ST1 |d 2011-12-05 |g 45.00 |l 11 |o 455 KUT/B |p MAL27270 |q 2019-09-03 |r 2019-08-03 |s 2019-08-03 |v 45.00 |w 2011-12-05 |y BK | ||
| 952 | |0 0 |1 0 |4 0 |7 0 |9 238061 |a MAL |b MAL |c ST1 |d 2011-12-05 |g 22.00 |j 127 |l 0 |p MAL20225 |r 2015-04-13 |v 22.00 |w 2015-04-13 |y BK |k 1.00 | ||
| 952 | |0 0 |1 0 |2 ddc |4 0 |6 S_2R1 |7 0 |9 238062 |a MAL |b MAL |c SEC |d 2011-12-05 |g 22.00 |l 0 |o S2R1 |p MAL20226 |r 2011-12-05 |v 22.00 |w 2011-12-05 |y BK | ||
| 952 | |0 0 |1 0 |2 ddc |4 0 |6 S_2R1 |7 0 |9 253004 |a MAL |b MAL |c SEC |d 2015-03-13 |l 0 |o S2R1 |p MAL22497 |r 2015-04-13 |w 2015-04-13 |y BK | ||
| 952 | |0 0 |1 0 |2 ddc |4 0 |6 455_000000000000000_KUT_B |7 0 |9 254340 |a MAL |b MAL |c ST1 |d 2012-04-26 |g 55.00 |l 9 |o 455 KUT/B |p MAL33308 |r 2019-03-25 |s 2019-03-19 |w 2012-04-26 |y BK | ||
| 952 | |0 0 |1 0 |2 ddc |4 0 |6 455_000000000000000_KUT_B |7 0 |9 254341 |a MAL |b MAL |c ST1 |d 2012-04-26 |g 55.00 |l 7 |o 455 KUT/B |p MAL33309 |q 2021-12-15 |r 2021-12-16 |s 2021-12-16 |w 2012-04-26 |y BK | ||